000 00305nam a2200133Ia 4500
003 OSt
008 191201s2007 xx 000 0 und d
100 _aRONHUBBARD, L
245 0 _aHandbook for Preclears
260 _aN. Delhi
_bHubbard Pub
_c2007
300 _a423
650 _aGeneral Books
942 _2ddc
_cBK
999 _c12
_d12